Statistiques concernant Dix pays à l'IDH le plus élevé d'Asie

Cliquez ici pour prendre le quiz!

Statistiques générales

  • Ce quiz a été pris 6 554 fois
  • Le résultat moyen est 7 sur 10

Statistiques - réponses

IDHPays% Correct
0,909Japon
97%
0,903Corée du Sud
91%
0,932Singapour
83%
0,856Qatar
73%
0,885Taïwan
70%
0,863Émirats arabes unis
69%
0,853Arabie Saoudite
63%
0,903Israël
58%
0,853Brunei
50%
0,869Chypre
29%

Distribution des résultats

Percentile par nombre de réponses

% des personnes avec chaque résultat

Votre développement - résultats

Vous n’avez pas pris ce quiz